Byrne v SOS Environment and Arun (Record no. 52665)

MARC details
000 -LEADER
fixed length control field 01255cab a2200229 4500
001 - CONTROL NUMBER
control field X83381
008 - FIXED-LENGTH DATA ELEMENTS--GENERAL INFORMATION
fixed length control field 090401t1998 xxu||||| |||| 00| 0 eng d
035 ## - SYSTEM CONTROL NUMBER
System control number (Sirsi) u83381
041 ## - LANGUAGE CODE
Language code of text/sound track or separate title eng
245 ## - TITLE STATEMENT
Title Byrne v SOS Environment and Arun
260 ## - PUBLICATION, DISTRIBUTION, ETC.
Date of publication, distribution, etc. 1998
350 ## - PRICE (NR) (BK AM CF MU VM SE) [OBSOLETE]
Price 0
490 ## - SERIES STATEMENT
Series statement Journal of Planning and Environment Law
Volume/sequential designation [1998] JPL 122-131(10)
520 ## - SUMMARY, ETC.
Summary, etc. QBD 27 February 1997. An enforcement notice was served on the applicant requiring removal of a log cabin from land on which it was situated. The enforcement notice was served on the basis that the cabin was to be treated as a caravan within the meaning of the Town and Country Planning Act and, as such, using the land for the stationing of the cabin was considered to be the development. The applicant appealed and the appeal was dismissed by the inspector who decided that the cabin was not a caravan but a structure which involved building on the land. The applicant appealed to the high court. Held, application dismissed.
650 ## - SUBJECT ADDED ENTRY--TOPICAL TERM
Topical term or geographic name entry element BYRNE V SOS ENVIRONMENT AND ARUN
650 ## - SUBJECT ADDED ENTRY--TOPICAL TERM
Topical term or geographic name entry element CARAVAN SITES AND DEVELOPMENT ACT 1960
650 ## - SUBJECT ADDED ENTRY--TOPICAL TERM
Topical term or geographic name entry element ENFORCEMENT NOTICE
650 ## - SUBJECT ADDED ENTRY--TOPICAL TERM
Topical term or geographic name entry element LOG CABIN
690 ## - LOCAL SUBJECT ADDED ENTRY--TOPICAL TERM (OCLC, RLIN)
Topical term or geographic name as entry element PLANNING LAW AND PRACTICE-CASE LAW
942 ## - ADDED ENTRY ELEMENTS (KOHA)
Suppress in OPAC 0
948 ## - LOCAL PROCESSING INFORMATION (OCLC); SERIES PART DESIGNATOR (RLIN)
c (OCLC) 28/01/1998
Holdings
Withdrawn status Lost status Source of classification or shelving scheme Damaged status Not for loan Home library Current library Shelving location Date acquired Total Checkouts Full call number Barcode Date last seen Copy number Price effective from Koha item type
    Other/Generic Classification Scheme     London London Journal article 14/09/1999   X83381 83381-1001 06/08/2019 1 06/08/2019 Law report